[Event "EU-ch U14 30th"]
[Site "Antalya"]
[Date "2022.11.12"]
[Round "7"]
[White "Durak, Can"]
[Black "De Winter, Arthur"]
[Result "1-0"]
[WhiteElo "2266"]
[BlackElo "2379"]
[PlyCount "78"]
[EventDate "2022.11.06"]
[EventType "swiss"]
[EventRounds "9"]
[EventCountry "TUR"]
[SourceTitle "CBM 211 Extra"]
[Source "ChessBase"]
[SourceDate "2023.01.31"]
[SourceVersion "1"]
[SourceVersionDate "2023.01.31"]
[SourceQuality "1"]

1. d4 Nf6 2. c4 g6 3. Nc3 Bg7 4. e4 d6 5. h3 0-0 6. Be3 e5 7. d5 Na6 8. g4 Nc5 9. f3 a5 10. Qd2 c6 11. h4 cxd5 12. cxd5 a4 13. h5 Bd7 14. Nge2 b5 15. Ng3 Qa5 16. h6 Bh8 17. Nf5 Rfd8 18. Nxd6 b4 19. Nd1 Bxg4 20. Nc4 Qc7 21. Bxc5 Bxf3 22. Bb6 Qb7 23. Rh3 Bxe4 24. Bxd8 Rxd8 25. d6 Bf5 26. Bg2 Qc8 27. Rh4 Ng4 28. Nde3 Bf6 29. Rh1 Bg5 30. Qe2 Be6 31. Bd5 Nxe3 32. Nxe3 Rxd6 33. Bxe6 Qxe6 34. Rd1 Rxd1+ 35. Nxd1 Qd5 36. Nf2 f5 37. b3 e4 38. Qc4 a3 39. Ke2 Bf6 1-0

[Event "Djenovici TS03 IM Oct"]
[Site "Djenovici"]
[Date "2022.10.23"]
[Round "9"]
[White "Volkov, Dmitriy"]
[Black "Durak, Can"]
[Result "1-0"]
[WhiteElo "2337"]
[BlackElo "2239"]
[PlyCount "113"]
[EventDate "2022.10.15"]
[EventType "tourn"]
[EventRounds "9"]
[EventCountry "MNE"]
[EventCategory "1"]
[SourceTitle "CBM 210 Extra"]
[Source "ChessBase"]
[SourceDate "2022.11.30"]
[SourceVersion "1"]
[SourceVersionDate "2022.11.30"]
[SourceQuality "1"]

1. e4 e5 2. Nf3 Nc6 3. d4 exd4 4. Nxd4 Bc5 5. Nxc6 Qf6 6. Qf3 dxc6 7. Nc3 Be6 8. Qg3 h5 9. Be3 Bb4 10. Bd2 Ba5 11. h4 Ne7 12. 0-0-0 Qg6 13. Qg5 Bb6 14. f4 Bg4 15. Qxg6 Nxg6 16. Be2 Bxe2 17. Nxe2 0-0-0 18. Ng3 Ne7 19. Rhf1 f6 20. f5 Bc5 21. Ne2 Bd6 22. Bc3 c5 23. Nf4 Bxf4+ 24. Rxf4 Rxd1+ 25. Kxd1 Nc6 26. g4 hxg4 27. Rxg4 Rh7 28. h5 Rxh5 29. Rxg7 Rh4 30. Bxf6 Rxe4 31. Bg5 Ne5 32. f6 Nf3 33. Bd2 Nxd2 34. f7 Rf4 35. Rg8+ Kd7 36. f8Q Rxf8 37. Rxf8 Nc4 38. Rf4 Nd6 39. Kd2 Kc6 40. Rh4 b6 41. Kd3 Kd5 42. b3 Kc6 43. Rh7 a5 44. a4 Kb7 45. c3 Kc6 46. Ke3 Kb7 47. Kf4 c4 48. b4 axb4 49. cxb4 b5 50. a5 Kc6 51. Rh5 Nb7 52. Ke4 Nd6+ 53. Kd4 Kb7 54. Kc5 Ka6 55. Kc6 Nb7 56. Kxc7 Nxa5 57. Rh2 1-0